| 000 | 00961nam a2200289Ia 4500 | ||
|---|---|---|---|
| 001 | Z_1133 | ||
| 003 | CHAP | ||
| 008 | 220113s1987 xx 000 0 und d | ||
| 010 | _a164214 | ||
| 040 | _cCHAP | ||
| 082 | _a636.4 R35 | ||
| 100 |
_aRamírez Necoechea, Ramiro _994166 |
||
| 245 |
_aIndicadores relevantes para la producción porcina / _cpor Ramiro Ramírez Necoechea y María de Lourdes Alonso Spilsbury |
||
| 260 |
_aMéxico : _bUNAM. Facultad de Medicina Veterinaria y Zootecnia, _c1987 |
||
| 300 | _av | ||
| 440 | _a | ||
| 500 | _aLa biblioteca tiene: v.1 Reproducción | ||
| 503 | _a | ||
| 650 |
_aGanado porcino _xProducción _945399 |
||
| 650 |
_aGanado porcino _xReproducción I. Alonso Spilsbury, María de Lourdes II. Universidad Nacional Autónoma de México. Facultad de Medicina Veterianria y Zootecnia III. t. _9138296 |
||
| 901 | _a636.4 R35 | ||
| 902 | _aA | ||
| 910 | _a1987 | ||
| 942 | _c1 | ||
| 942 | _cc1 | ||
| 999 |
_c164214 _d164214 |
||